| 000 | 01163nas a2200373 4500 | ||
|---|---|---|---|
| 001 | BR0306145 | ||
| 003 | BR-BrBNA | ||
| 005 | 20231205104223.0 | ||
| 007 | ta | ||
| 008 | 230509b bl.|||p| |||| 00| 00por d | ||
| 040 |
_aBR-BrBNA _bpor _cBiblioteca Nacional de Agricultura |
||
| 041 | _a(Pt) | ||
| 072 | _aH60; P10 | ||
| 100 | 1 | _aCavenaghi, A.L. | |
| 100 | 1 | _aVelini, E.D. | |
| 100 | 1 | _aGalo, M.l.B.T. | |
| 100 | 1 | _aCarvalho, F.T. | |
| 100 | 1 | _aNegrisoli, E. | |
| 100 | 1 | _aTrindade, M.L.B. | |
| 100 | 1 | _aSimionato, J.L.A. | |
| 245 | 1 | _aCaracterização da qualidade de água e sedimento relacionados com a ocorrência de plantas aquáticas em cinco reservatórios da bacia do Rio Tietê | |
| 650 | _aPLANTA AQUÁTICA | ||
| 650 | _aERVA DANINHA | ||
| 650 | _aCONTROLE INTEGRADO | ||
| 650 | _aRESERVATÓRIO DE ÁGUA | ||
| 650 | _aENERGIA ELÉTRICA | ||
| 650 | _aPRODUÇÃO | ||
| 650 | _aQUALIDADE DA ÁGUA | ||
| 650 | _aPROPRIEDADE FÍSICO-QUÍMICA | ||
| 650 | _aSEDIMENTO | ||
| 773 | 0 |
_tPlanta Daninha (Brazil) _xISSN 0100-8358 _g(2003), v. 21 p. 43-52 _wBR0306145 |
|
| 909 |
_a202311 _bLúcia _c55 _dLúcia Elande |
||
| 942 |
_2AGRIS _n0 _cANA |
||
| 999 |
_c177009 _d177009 |
||